00465 2200181 4500245005400000020002200054250001100076100001800087700001800105700002200123650001400145005001900159260004000178041001400218084001000232300003200242336000900274 aMenjelajah Dunia Kupu - kupucLeni FitrianihText a978-602-8823-03-6 aCet. 2 aLeni Fitriani aTaufik Hendra aZusiyanah Samosir aKupu-kupu a20230307132526 aJakartabBinamuda Ciptakreasic2013 aIndonesia a595.7 avi, 68 hlm. ilus. :c25 cm. atext